Регионална библиотека "Любен Каравелов" - Русе

Шпионката (Запис номер 348329)

MARC детайли
000 -Лидер
Контролно поле с фиксирана дължина 01247nam a2200361 c 4500
003 - Код на организацията, давaща контролен номер
Контролно поле BLK
005 - Дата и час на последна редакция
Контролно поле 20250730175445.0
008 - Елементи от данни с фиксирана дължина
fixed length control field 180412b bul|||||r ||||||| ||bul||
010 ## - Наследен системен номер
LC control number KNG00014527000
020 ## - Международен стандартен номер на книга ISBN
Международен стандартен номер на книга ISBN 9789546559715
040 ## - Източник на каталожния запис
Идентификатор на билиотеката - собственик на записа BLK
041 ## - Код за език
Код за езика на текст/звукозапис или на отделно заглавие Български
Код за езика КДБФ Български
080 ## - УДК
Текстов определител УДК Американска литература (на САЩ)
УДК код - определител по УДК 821.111(73)
УДК определител -31
УДК - код + определител 821.111(73)-31
100 1# - Редна дума - Автор
Автор Стийл, Даниел
Авторска отговорност първи автор
R(LIN) 363685
139 ## - Редно поле
Редна дума Стийл, Даниел
Авторски знак Сти - С 76
245 10 - Сведения за заглавието
Заглавие Шпионката
Подзаглавни данни Роман
Редно поле (дума) Даниел Стийл; прев. от англ. Весела Ангелова.
257 ## - Страна на издаване
Страна на създаване/издаване Съединени американски щати
260 ## - Област на издателските данни
Име на издателя, разпространителя и проч. Бард
Година на издаване 2019
9 (RLIN) 209457
Издателство - префикс ISBN 978-954-655- ; 978-954-585- ; 978-954-584-
300 ## - Физическа характеристика
Страници 272 с.
Размери/Мащаб 20 см
380 ## - Жанр
Жанр Худож. лит.
500 ## - Общи забележки
Забележка Ориг. загл. SPY / Danielle Steel.
653 ## - Ключова дума – ненормативна
Ключова дума романи
653 ## - Ключова дума – ненормативна
Ключова дума романтична проза
700 ## - Други автори (авторска отговорност)
Лично име Ангелова, Весела Ангелова
9 (RLIN) 377747
852 ## - Местоположение
Фондова буква Заемна - подръчен фонд
Систематично-азбучна сигнатура П 820(73)-31/С 76
856 4# - Електронен адрес и достъп
Електронен формат pdf - файл
Път до файла /url/
856 4# - Електронен адрес и достъп
Електронен формат pdf - файл
Път до файла /url/
999 ## - СИСТЕМНИ КОНТРОЛНИ НОМЕРА
Koha biblionumber 348329
Koha biblioitemnumber 348329
942 ## - АРТИКУЛИ
Вид на библиотечния материал Книги
Скрит в OPAC Не
Периодичен библиозапис Да
Koha issues (borrowed), all copies 131
944 ## - СЪЗДАВАНЕ И РЕДАКЦИЯ на ЗАПИСА
Създаване/Редакция Създаване
Дата на регистрацията/редакция 2020-01-29
Служител, извършил регистрацията/редакцията 30575
Статус, дата на статуса Мартин Енчев
944 ## - СЪЗДАВАНЕ И РЕДАКЦИЯ на ЗАПИСА
Създаване/Редакция Редакция
Дата на регистрацията/редакция 2020-01-29
999 ## - СИСТЕМНИ КОНТРОЛНИ НОМЕРА
Koha biblioitemnumber 348329
999 ## - СИСТЕМНИ КОНТРОЛНИ НОМЕРА
Koha biblioitemnumber 12910
Наличности
Код за отписване Код за изгубен артикул Източник на класификационната схема Код за повреда Коз за рестрикции Код за отдаване Артикулен № Име на библиотеката - собственик Име на библиотеката, в която се намира в момента Статус (Текущо местоположение) Дата на вписване в системата Местоположение - отдел Цена в лева Систематично азбучна сигнатура Баркод Цена в евро Служебен тип на артикула Инвентарен номер
  Не е изгубен Universal Decimal Classification Не е повреден без рестрикции заемане за дома 754972 Регионална библиотека "Любен Каравелов" Русе Регионална библиотека "Любен Каравелов" Русе Заемна - подръчен фонд 2020-01-31 Заемна - подръчен фонд 11.99 П 820(73)-31/С 76 120000842114 6.13 Книги  
  Не е изгубен Universal Decimal Classification Не е повреден без рестрикции заемане за дома 754973 Регионална библиотека "Любен Каравелов" Русе Регионална библиотека "Любен Каравелов" Русе Заемна - подръчен фонд 2020-01-31 Заемна - подръчен фонд 11.99 П 820(73)-31/С 76 120000842113 6.13 Книги  
  Не е изгубен Universal Decimal Classification Не е повреден без рестрикции заемане за дома 754974 Регионална библиотека "Любен Каравелов" Русе Регионална библиотека "Любен Каравелов" Русе Дубликат 2020-01-31 Заемна - подръчен фонд 12.00 П 820(73)-31/С 76 120000842115 6.14 Книги  
  Не е изгубен Universal Decimal Classification Не е повреден само за читалня ползва се в читалня 781462 Регионална библиотека "Любен Каравелов" Русе Регионална библиотека "Любен Каравелов" Русе Хранилище 2020-07-06 Хранилище 15.99 Цб 300142 120000845013 8.18 Книги 120000845013
Vip Innovations Ltd, Rousse, Bulgaria 2025